Dětem /
Známé autorské pohádky a příběhy slavné sourozenecké dvojice v podání předních českých herců.
Uloženo v:
| Další autoři: | , , |
|---|---|
| Médium: | E-audiokniha |
| Jazyk: | Czech |
| Vydáno: |
Praha :
Supraphon,
2022
|
| Témata: | |
| Tagy: |
Žádné tagy |
| LEADER | 02470nim a2200577 i 4500 | ||
|---|---|---|---|
| 001 | 313210 | ||
| 003 | CZ PrSKC | ||
| 005 | 20260601215737.0 | ||
| 007 | sd fungnnmmned | ||
| 008 | 221024s2022 xr nnnnj hz n cze | ||
| 015 | |a cnb003466168 | ||
| 024 | 1 | |a 099925665920 | |
| 028 | 0 | 1 | |a SU 6659-2 |b Supraphon |
| 040 | |a ABA001 |b cze |e rda | ||
| 072 | 7 | |a 821.162.3-3 |x Česká próza |2 Konspekt | |
| 072 | 7 | |a 821-93 |x Literatura pro děti a mládež (beletrie) |2 Konspekt | |
| 080 | |a 821.162.3-34 |2 MRF | ||
| 080 | |a 821.162.3-32 |2 MRF | ||
| 080 | |a (0:82-34) |2 MRF | ||
| 080 | |a (0:82-32) |2 MRF | ||
| 080 | |a (086.7.053.2) |2 MRF | ||
| 080 | |a (086.7)08 |2 MRF | ||
| 080 | |a (086.76) |2 MRF | ||
| 245 | 0 | 0 | |a Dětem / |c Karel Čapek a Josef Čapek |
| 264 | 1 | |a Praha : |b Supraphon, |c 2022 | |
| 300 | |a 1 audiodisk (10 hod., 54 min.) ; |c 12 cm | ||
| 306 | |a 105400 | ||
| 336 | |a mluvené slovo |b spw |2 rdacontent | ||
| 337 | |a audio |b s |2 rdamedia | ||
| 338 | |a audiodisk |b sd |2 rdacarrier | ||
| 344 | |a digital |b optical |2 rda | ||
| 347 | |a audio soubor |b MP3 |2 rda | ||
| 500 | |a Název z disku | ||
| 500 | |a Fonogramy 1976-2022 Supraphon | ||
| 505 | 0 | 0 | |t Devatero pohádek / |r Karel Čapek, Josef Čapek -- |t Pudlenka, aneb, Měl jsem psa a kočku ; |t Dášeňka, čili, Život štěněte / |r Karel Čapek -- |t Povídání o pejskovi a kočičce jak spolu hospodařili a ještě o všelijakých jiných věcech ; |t Povídejme si, děti / |r Josef Čapek |
| 508 | |a Režie Alan Piskač a další | ||
| 511 | 0 | |a Čtou různí herci | |
| 520 | 2 | |a Známé autorské pohádky a příběhy slavné sourozenecké dvojice v podání předních českých herců. | |
| 655 | 7 | |a české pohádky |7 fd133970 |2 czenas | |
| 655 | 7 | |a české příběhy |7 fd133973 |2 czenas | |
| 655 | 7 | |a zvukové záznamy pro děti a mládež |7 fd186726 |2 czenas | |
| 655 | 7 | |a audioknihy |7 fd119452 |2 czenas | |
| 655 | 7 | |a kompaktní disky |7 fd201991 |2 czenas | |
| 700 | 1 | |a Čapek, Karel, |d 1890-1938 |7 jk01021023 |4 aut | |
| 700 | 1 | |a Čapek, Josef, |d 1887-1945 |7 jk01021020 |4 aut | |
| 700 | 1 | |a Piskač, Alan, |d 1970- |7 jo2012730112 |4 drt | |
| 900 | |a ABA001 |b 18 | ||
| 044 | |a xr | ||
| 910 | |a RBIT002 | ||
| 998 | |d 393917 |a https://core.palmknihy.cz/api/books/393917/cover?sbs282 |b https://core.palmknihy.cz/api/books/393917/cover/400?sbs282 |c https://core.palmknihy.cz/api/books/393917/cover/50?sbs282 |e 2099-01-01 |i 099925665920 |l 39182 |q 49 |r 1 |s https://www.palmknihy.cz/kniha/393917 |t audiobook |y 2022 |z 0 | ||
| 999 | |d 313208 | ||